[Event "LYM - Maîtres vs Espoirs"]
[Site "Lausanne - Hôtel Alpha Palmier"]
[Date "2003.09.17"]
[Round "1"]
[White "Landenbergue, Claude"]
[Black "Gheorghiu, Florin"]
[Result "1/2-1/2"]
[WhiteElo "2445"]
[BlackElo "2430"]
[PlyCount "38"]
[EventDate "2003.??.??"]

1. e4 c5 2. Nf3 e6 3. c3 d5 4. exd5 Qxd5 5. d4 Nf6 6. Na3 Qd8 7. Nc2 Be7 8. Bd3
O-O 9. O-O b6 10. Qe2 Bb7 11. dxc5 Bxc5 12. Bg5 Nbd7 13. Rad1 Qc7 14. Ba6 Qc8
15. Bxb7 Qxb7 16. Rfe1 Rfe8 17. Ncd4 a6 18. Ne5 Nxe5 19. Qxe5 Be7 1/2-1/2

[Event "LYM - Maîtres vs Espoirs"]
[Site "Lausanne - Hôtel Alpha Palmier"]
[Date "2003.09.17"]
[Round "1"]
[White "Raetsky, Alexander"]
[Black "Pinol, Fabrice"]
[Result "1-0"]
[WhiteElo "2435"]
[BlackElo "2210"]
[PlyCount "59"]
[EventDate "2003.??.??"]

1. d4 d5 2. c4 c6 3. Nf3 Nf6 4. Qc2 dxc4 5. Qxc4 Bf5 6. g3 e6 7. Bg2 Nbd7 8.
O-O Be7 9. Nc3 O-O 10. e3 Rc8 11. Qe2 Ne4 12. Nd2 Nxc3 13. bxc3 b5 14. e4 Bg6
15. f4 f5 16. Re1 Re8 17. a4 c5 18. axb5 cxd4 19. cxd4 Nb6 20. Nf3 fxe4 21. Ne5
Qxd4+ 22. Be3 Qxe3+ 23. Qxe3 Bc5 24. Nxg6 Bxe3+ 25. Rxe3 hxg6 26. Bxe4 Nd5 27.
Ree1 Nc3 28. Bc6 Re7 29. Ra3 a6 30. Rxc3 1-0

[Event "LYM - Maîtres vs Espoirs"]
[Site "Lausanne - Hôtel Alpha Palmier"]
[Date "2003.09.17"]
[Round "1"]
[White "Pahud, Cédric"]
[Black "Carron, Julien"]
[Result "1/2-1/2"]
[WhiteElo "2185"]
[BlackElo "2300"]
[PlyCount "57"]
[EventDate "2003.??.??"]

1. e4 c5 2. Nf3 Nc6 3. Bb5 e6 4. O-O Nge7 5. c3 a6 6. Ba4 b5 7. Bc2 Bb7 8. Qe2
d5 9. e5 d4 10. Be4 Qb6 11. d3 Ng6 12. cxd4 cxd4 13. a4 Rd8 14. axb5 axb5 15.
Nbd2 Nf4 16. Qd1 Nd5 17. Nb3 Be7 18. Bd2 Ndb4 19. Qe2 O-O 20. Ng5 g6 21. Nxh7
Kxh7 22. Qh5+ Kg8 23. Bxg6 fxg6 24. Qxg6+ Kh8 25. Qh6+ Kg8 26. Qg6+ Kh8 27.
Qh6+ Kg8 28. Qxe6+ Kh8 29. Qh6+ 1/2-1/2

[Event "LYM - Maîtres vs Espoirs"]
[Site "Lausanne - Hôtel Alpha Palmier"]
[Date "2003.09.17"]
[Round "1"]
[White "Shytaj, Luca"]
[Black "Hindermann, Felix"]
[Result "1/2-1/2"]
[WhiteElo "2335"]
[BlackElo "2185"]
[PlyCount "92"]
[EventDate "2003.??.??"]

1. e4 e6 2. d4 d5 3. Nd2 c5 4. exd5 Qxd5 5. Ngf3 cxd4 6. Bc4 Qd6 7. O-O Nf6 8.
Nb3 Nc6 9. Nbxd4 Nxd4 10. Nxd4 Bd7 11. c3 Qc7 12. Bd3 O-O-O 13. Qe2 h5 14. h3
Bc5 15. b4 Bb6 16. Bg5 Kb8 17. Rac1 Ka8 18. a4 Bxa4 19. b5 e5 20. Nf5 Qd7 21.
Nxg7 Qxd3 22. Qxd3 Rxd3 23. Bxf6 Bxb5 24. c4 Bc6 25. Bxe5 f6 26. c5 fxe5 27.
cxb6 Rg8 28. Rfd1 Rxd1+ 29. Rxd1 axb6 30. Nxh5 Rxg2+ 31. Kf1 Bf3 32. Ra1+ Kb8
33. Ra3 e4 34. Nf6 Rg5 35. Rc3 Ka7 36. Ke1 Rf5 37. Ra3+ Kb8 38. Ng4 Rh5 39. Rc3
Ra5 40. Kd2 Ra2+ 41. Ke3 Ka7 42. Ne5 Re2+ 43. Kf4 Rxf2 44. Ra3+ Kb8 45. Nxf3
exf3 46. Rxf3 Rg2 1/2-1/2

[Event "LYM - Maîtres vs Espoirs"]
[Site "Lausanne - Hôtel Alpha Palmier"]
[Date "2003.09.17"]
[Round "1"]
[White "Gerber, Richard"]
[Black "Olivier, Jean-Christophe"]
[Result "1-0"]
[WhiteElo "2395"]
[BlackElo "2425"]
[PlyCount "75"]
[EventDate "2003.??.??"]

1. Nf3 Nf6 2. c4 e6 3. g3 b6 4. Bg2 Bb7 5. O-O Be7 6. b3 O-O 7. Bb2 d5 8. e3 c5
9. Nc3 Nbd7 10. Rc1 Rc8 11. Qe2 Qc7 12. cxd5 Nxd5 13. Nxd5 Bxd5 14. e4 Bb7 15.
d4 Qb8 16. dxc5 Nxc5 17. Ne5 f6 18. Rxc5 Bxc5 19. Nd7 Qc7 20. Nxf8 Kxf8 21. Rc1
Qe7 22. h4 Rd8 23. h5 h6 24. Bc3 e5 25. Bh3 a5 26. Bf5 Qd6 27. Kg2 Ba3 28. Rc2
Qd3 29. Qxd3 Rxd3 30. Bd2 Bd6 31. Be3 b5 32. Kf3 Rd1 33. Bd7 b4 34. Bc8 Ba8 35.
Ba6 Be7 36. Bb6 Bd8 37. Rc8 Ke7 38. Bc5+ 1-0

[Event "LYM - Maîtres vs Espoirs"]
[Site "Lausanne - Hôtel Alpha Palmier"]
[Date "2003.09.18"]
[Round "2"]
[White "Gheorghiu, Florin"]
[Black "Raetsky, Alexander"]
[Result "1/2-1/2"]
[WhiteElo "2430"]
[BlackElo "2435"]
[PlyCount "27"]
[EventDate "2003.??.??"]

1. d4 d5 2. Nf3 Nf6 3. c4 dxc4 4. e3 e6 5. Bxc4 c5 6. dxc5 Qxd1+ 7. Kxd1 Bxc5
8. Ke2 O-O 9. a3 Nbd7 10. Nbd2 Be7 11. b3 b6 12. Bb2 Bb7 13. Rac1 Rfc8 14. Rhd1
1/2-1/2

[Event "LYM - Maîtres vs Espoirs"]
[Site "Lausanne - Hôtel Alpha Palmier"]
[Date "2003.09.18"]
[Round "2"]
[White "Carron, Julien"]
[Black "Landenbergue, Claude"]
[Result "1-0"]
[WhiteElo "2300"]
[BlackElo "2445"]
[PlyCount "53"]
[EventDate "2003.??.??"]

1. d4 e6 2. c4 Bb4+ 3. Bd2 a5 4. g3 Nc6 5. Nf3 d6 6. Nc3 e5 7. Nd5 Bxd2+ 8.
Qxd2 Nge7 9. dxe5 dxe5 10. Bg2 f6 11. Rd1 Be6 12. O-O Qc8 13. Ne1 O-O 14. Nd3
Ng6 15. Nc5 Bf7 16. h4 h5 17. Nd7 Re8 18. N5xf6+ gxf6 19. Nxf6+ Kf8 20. Qh6+
Ke7 21. Nd5+ Bxd5 22. cxd5 Nd4 23. Qxg6 Qf5 24. Qg7+ Kd8 25. d6 Qd7 26. Qg5+
Kc8 27. e3 1-0

[Event "LYM - Maîtres vs Espoirs"]
[Site "Lausanne - Hôtel Alpha Palmier"]
[Date "2003.09.18"]
[Round "2"]
[White "Shytaj, Luca"]
[Black "Gerber, Richard"]
[Result "0-1"]
[WhiteElo "2335"]
[BlackElo "2395"]
[PlyCount "94"]
[EventDate "2003.??.??"]

1. e4 c5 2. Nf3 d6 3. d4 cxd4 4. Nxd4 Nf6 5. Nc3 g6 6. Be3 Bg7 7. f3 O-O 8. Bc4
Nc6 9. Qd2 Bd7 10. O-O-O Qa5 11. Kb1 Rfc8 12. Bb3 Ne5 13. Nd5 Qxd2 14. Bxd2
Nxd5 15. Bxd5 Rab8 16. Rhe1 b5 17. a3 Kf8 18. Ne2 Nc4 19. Bxc4 Rxc4 20. Bc3
Bxc3 21. Nxc3 Be6 22. Nd5 Rbc8 23. Re2 R4c5 24. Ne3 Re5 25. Rd4 f5 26. exf5
Bxf5 27. g4 Bd7 28. Kc1 Bc6 29. Kd2 Kg7 30. f4 Re4 31. Kd3 Rxd4+ 32. Kxd4 e6
33. Rf2 Rf8 34. Rf1 Rxf4+ 35. Rxf4 e5+ 36. Kd3 exf4 37. Nd1 Bf3 38. Nf2 Kf6 39.
h4 h6 40. Kd4 Ke6 41. b3 h5 42. gxh5 gxh5 43. c4 bxc4 44. bxc4 Kf5 45. c5 dxc5+
46. Kxc5 Ke5 47. Kc4 Be2+ 0-1

[Event "LYM - Maîtres vs Espoirs"]
[Site "Lausanne - Hôtel Alpha Palmier"]
[Date "2003.09.18"]
[Round "2"]
[White "Hindermann, Felix"]
[Black "Pinol, Fabrice"]
[Result "1/2-1/2"]
[WhiteElo "2185"]
[BlackElo "2210"]
[PlyCount "104"]
[EventDate "2003.??.??"]

1. e4 d6 2. d4 Nf6 3. Nc3 g6 4. Nge2 Bg7 5. g3 O-O 6. Bg2 e5 7. O-O Re8 8. Re1
a6 9. a4 Nc6 10. h3 exd4 11. Nxd4 Nxd4 12. Qxd4 Nxe4 13. Qe3 Nf6 14. Qd2 c6 15.
Rxe8+ Qxe8 16. a5 Bf5 17. Ra4 d5 18. g4 Be6 19. b3 Rd8 20. Ba3 h5 21. g5 Nd7
22. h4 Ne5 23. Bc5 Bh3 24. Ne2 Bxg2 25. Kxg2 Qe6 26. Ng3 Nd7 27. Bd4 Bf8 28. f4
c5 29. Bf2 d4 30. Qd1 Bd6 31. Qf3 Bc7 32. Ra1 Qd6 33. f5 Qc6 34. Qxc6 bxc6 35.
fxg6 fxg6 36. Re1 Kf7 37. Ne4 Re8 38. Bg3 Bxg3 39. Kxg3 Re5 40. Kf4 Rf5+ 41.
Kg3 Re5 42. Kf4 Ke7 43. Re2 Rf5+ 44. Kg3 Re5 45. Kf4 Kd8 46. Ng3 Rxe2 47. Nxe2
Ke7 48. Ke4 Kd6 49. Nf4 Ne5 50. Ne2 Ng4 51. Nf4 Ne5 52. Ne2 Ng4 1/2-1/2

[Event "LYM - Maîtres vs Espoirs"]
[Site "Lausanne - Hôtel Alpha Palmier"]
[Date "2003.09.18"]
[Round "2"]
[White "Landenbergue, Claude"]
[Black "Olivier, Jean-Christophe"]
[Result "1/2-1/2"]
[WhiteElo "2445"]
[BlackElo "2425"]
[PlyCount "82"]
[EventDate "2003.??.??"]

1. e4 e5 2. Nf3 Nc6 3. Bb5 a6 4. Ba4 d6 5. Bxc6+ bxc6 6. d4 f6 7. Nc3 g6 8. Qe2
Bg7 9. Be3 Nh6 10. O-O-O Nf7 11. Qc4 Bd7 12. h4 h5 13. Kb1 Qb8 14. dxe5 fxe5
15. Ng5 Nxg5 16. Bxg5 Qb7 17. f3 Rb8 18. b3 Qb4 19. Qxb4 Rxb4 20. Kc1 Be6 21.
Rd3 Rf8 22. Re1 Bf6 23. Bxf6 Rxf6 24. Kd2 Ke7 25. Ke3 Rb8 26. Kf2 Rf7 27. Rd2
Rf6 28. Ke3 Rf7 29. Rf1 c5 30. f4 exf4+ 31. Rxf4 Rxf4 32. Kxf4 Kf6 33. Ke3 Rg8
34. Nd5+ Bxd5 35. Rxd5 Re8 36. Kf4 Re6 37. g3 Re8 38. Rd3 Rb8 39. Rd5 Re8 40.
Rd3 Re5 41. Rd5 Re8 1/2-1/2

[Event "LYM - Maîtres vs Espoirs"]
[Site "Lausanne - Hôtel Alpha Palmier"]
[Date "2003.09.18"]
[Round "3"]
[White "Pahud, Cédric"]
[Black "Shytaj, Luca"]
[Result "1-0"]
[WhiteElo "2185"]
[BlackElo "2335"]
[PlyCount "83"]
[EventDate "2003.??.??"]

1. e4 c5 2. Nf3 d6 3. d4 Nf6 4. Nc3 cxd4 5. Qxd4 a6 6. Bg5 Nc6 7. Qe3 e6 8.
O-O-O Be7 9. h3 Qc7 10. Bc4 O-O 11. Bb3 b5 12. Nd4 Na5 13. f4 Nxb3+ 14. axb3
Bb7 15. e5 dxe5 16. fxe5 Nd5 17. Nxd5 Bxd5 18. h4 Rac8 19. Kb1 Bc5 20. Qe2 a5
21. Nxb5 Qc6 22. Rh3 Bxg2 23. Rg3 Be4 24. Nc3 Bf5 25. Bh6 Bg6 26. Bxg7 Kxg7 27.
h5 Kh8 28. hxg6 fxg6 29. Ne4 Be7 30. Nd6 Rcd8 31. Rc3 Qb6 32. Qe4 Rf5 33. Rcd3
Rf2 34. Qc4 Bxd6 35. Rxd6 Rxd6 36. exd6 Qd8 37. Qxe6 g5 38. d7 Kg7 39. Qe5+ Kf7
40. Qd5+ Kg6 41. Qd3+ Rf5 42. Re1 1-0

[Event "LYM - Maîtres vs Espoirs"]
[Site "Lausanne - Hôtel Alpha Palmier"]
[Date "2003.09.18"]
[Round "3"]
[White "Gerber, Richard"]
[Black "Hindermann, Felix"]
[Result "1-0"]
[WhiteElo "2395"]
[BlackElo "2185"]
[PlyCount "125"]
[EventDate "2003.??.??"]

1. Nf3 e6 2. c4 f5 3. g3 b6 4. Bg2 Bb7 5. O-O Nf6 6. d3 g6 7. Nc3 Bg7 8. Qc2
O-O 9. e4 c5 10. exf5 gxf5 11. d4 cxd4 12. Nxd4 Bxg2 13. Kxg2 Ne4 14. Nxe4 Bxd4
15. Bg5 Qc7 16. Rad1 Nc6 17. Nc3 a6 18. Ne2 Bg7 19. Be3 Qb7 20. f3 Rac8 21. Nf4
Rf7 22. b3 b5 23. c5 b4 24. Rd2 a5 25. Nh5 Be5 26. Nf4 Bg7 27. h3 Be5 28. Ne2
Rg7 29. Kf2 Ne7 30. Rfd1 Rc7 31. Qc4 Nc6 32. Qh4 Rg6 33. Nf4 Rg7 34. Qh5 Qc8
35. Ne2 Rg6 36. g4 Ne7 37. f4 Bg7 38. g5 Nd5 39. Rxd5 exd5 40. Rxd5 Qe8 41. Ng3
a4 42. bxa4 d6 43. Qd1 Rf7 44. cxd6 Qd7 45. Qd3 Rxg5 46. fxg5 f4 47. Bxf4 Rxf4+
48. Kg2 Rf8 49. Rf5 Rc8 50. h4 Kh8 51. a5 Rc3 52. Qe4 Rc6 53. Rd5 Rxd6 54. Rxd6
Qxd6 55. Qe8+ Bf8 56. Ne4 Qf4 57. Qe6 Bg7 58. a6 Be5 59. Qe8+ Kg7 60. Qe7+ Kg6
61. h5+ Kf5 62. Qf7+ Kxe4 63. Qxf4+ 1-0

[Event "LYM - Maîtres vs Espoirs"]
[Site "Lausanne - Hôtel Alpha Palmier"]
[Date "2003.09.18"]
[Round "3"]
[White "Raetsky, Alexander"]
[Black "Carron, Julien"]
[Result "1-0"]
[WhiteElo "2435"]
[BlackElo "2300"]
[PlyCount "131"]
[EventDate "2003.??.??"]

1. d4 Nf6 2. c4 e6 3. g3 d5 4. Nf3 dxc4 5. Bg2 Nc6 6. Qa4 Bb4+ 7. Bd2 Bd6 8.
Ne5 Bxe5 9. Bxc6+ bxc6 10. dxe5 Qd5 11. f3 Nd7 12. Nc3 Qc5 13. Ne4 Qb5 14. Qa3
Nxe5 15. Bf4 f6 16. Nc3 Qb6 17. Bxe5 fxe5 18. O-O-O Rb8 19. Rd2 c5 20. Na4 Qb4
21. Nxc5 Qxa3 22. bxa3 Rb5 23. Rhd1 O-O 24. Ne4 Ra5 25. Kb2 Bb7 26. Nc3 Bc6 27.
Rd8 Ra6 28. Rxf8+ Kxf8 29. Rd8+ Ke7 30. Rg8 Kf7 31. Rc8 Rb6+ 32. Kc2 Rb7 33. a4
Bd7 34. Ra8 Ke7 35. Rg8 Kf7 36. Rd8 Ke7 37. Rg8 Kf7 38. Ra8 c5 39. a5 Rc7 40.
a6 Kg6 41. Rd8 Kf7 42. a4 Ke7 43. Rg8 g6 44. Ra8 Bc6 45. Rh8 Kf6 46. e4 Kg7 47.
Rd8 Rf7 48. Rd6 Be8 49. Rxe6 Kf8 50. Rxe5 Rxf3 51. Rxc5 Rf2+ 52. Kc1 Rf6 53.
Kb2 Rxa6 54. Rxc4 Rf6 55. Rc7 Rf2+ 56. Ka3 Rxh2 57. Rxa7 Rg2 58. Kb4 Rxg3 59.
Rxh7 Re3 60. a5 Bc6 61. a6 g5 62. a7 g4 63. Rc7 Bxe4 64. Rc8+ Kf7 65. Nxe4
Rxe4+ 66. Kc3 1-0

[Event "LYM - Maîtres vs Espoirs"]
[Site "Lausanne - Hôtel Alpha Palmier"]
[Date "2003.09.18"]
[Round "3"]
[White "Pinol, Fabrice"]
[Black "Georghiu, Florin"]
[Result "1/2-1/2"]
[WhiteElo "2210"]
[BlackElo "2430"]
[PlyCount "40"]
[EventDate "2003.??.??"]

1. e4 c5 2. Nc3 Nc6 3. g3 g6 4. Bg2 Bg7 5. d3 d6 6. f4 e5 7. Nf3 Nge7 8. O-O
O-O 9. f5 gxf5 10. Nh4 fxe4 11. dxe4 f6 12. Nf5 Nxf5 13. exf5 Ne7 14. Qd3 Rb8
15. Be3 Kh8 16. Rad1 c4 17. Qe4 b5 18. Bxa7 Bb7 19. Qe2 Bxg2 20. Qxg2 Rc8
1/2-1/2

[Event "LYM - Maîtres vs Espoirs"]
[Site "Lausanne - Hôtel Alpha Palmier"]
[Date "2003.09.18"]
[Round "3"]
[White "Olivier, Jean-Christophe"]
[Black "Pahud, Cédric"]
[Result "1-0"]
[WhiteElo "2425"]
[BlackElo "2185"]
[PlyCount "109"]
[EventDate "2003.??.??"]

1. e4 c5 2. Nf3 d6 3. Nc3 Nf6 4. d4 cxd4 5. Nxd4 a6 6. Be2 e5 7. Nb3 Be7 8. O-O
O-O 9. Be3 Be6 10. Qd2 Nbd7 11. a4 Rc8 12. a5 Re8 13. Rfd1 h6 14. Nc1 Bf8 15.
Bf3 b5 16. axb6 Nxb6 17. b3 Qc7 18. N1e2 Ra8 19. Qd3 Qb7 20. Ra5 Bc8 21. Ng3
Qc7 22. Rda1 Bb7 23. Nd5 Nbxd5 24. exd5 g6 25. Qd2 Kh7 26. Be2 Rec8 27. c4 Bg7
28. b4 Qd8 29. f3 Qe7 30. Ne4 Ne8 31. c5 f5 32. Nc3 f4 33. Bf2 e4 34. Nxe4 Bxa1
35. Rxa1 Qe5 36. Rd1 Rcb8 37. Bc4 Bc8 38. Bd4 Qf5 39. Bc3 Qf8 40. c6 Ra7 41.
Ra1 Raa8 42. Qd4 h5 43. h4 Kh6 44. Bd2 Ng7 45. Nf6 Nf5 46. Qxf4+ Kg7 47. Bc3
Kf7 48. Ne4 Rb6 49. Re1 Rab8 50. g4 Rxb4 51. gxf5 Bxf5 52. Nxd6+ Kg8 53. Qe5
Qh6 54. c7 Rf8 55. Bxb4 1-0

[Event "LYM - Maîtres vs Espoirs"]
[Site "Lausanne - Hôtel Alpha Palmier"]
[Date "2003.09.19"]
[Round "4"]
[White "Landenbergue, Claude"]
[Black "Shytaj, Luca"]
[Result "1/2-1/2"]
[WhiteElo "2445"]
[BlackElo "2335"]
[PlyCount "34"]
[EventDate "2003.??.??"]

1. e4 c5 2. Nf3 e6 3. d4 cxd4 4. Nxd4 Nc6 5. Nc3 Qc7 6. Be3 a6 7. Qd2 Nf6 8. f3
Bb4 9. Nb3 b5 10. O-O-O Ne5 11. Bd4 Bb7 12. Qg5 Ng6 13. Qe3 Rc8 14. Kb1 Be7 15.
Bb6 Qb8 16. Ba7 Qc7 17. Bb6 Qb8 1/2-1/2

[Event "LYM - Maîtres vs Espoirs"]
[Site "Lausanne - Hôtel Alpha Palmier"]
[Date "2003.09.19"]
[Round "4"]
[White "Hindermann, Felix"]
[Black "Gheorgiu, Florin"]
[Result "1/2-1/2"]
[WhiteElo "2185"]
[BlackElo "2430"]
[PlyCount "37"]
[EventDate "2003.??.??"]

1. e4 c5 2. c3 Nf6 3. e5 Nd5 4. d4 cxd4 5. Qxd4 e6 6. Nf3 Nc6 7. Qe4 f5 8. Qe2
Qc7 9. g3 b6 10. Bg2 Ncb4 11. c4 Ba6 12. b3 b5 13. a3 bxc4 14. axb4 cxb3 15.
Rxa6 Qxc1+ 16. Qd1 Qc4 17. Qe2 Qc1+ 18. Qd1 Qc4 19. Qe2 1/2-1/2

[Event "LYM - Maîtres vs Espoirs"]
[Site "Lausanne - Hôtel Alpha Palmier"]
[Date "2003.09.19"]
[Round "4"]
[White "Carron, Julien"]
[Black "Pinol, Fabrice"]
[Result "1-0"]
[WhiteElo "2300"]
[BlackElo "2210"]
[PlyCount "67"]
[EventDate "2003.??.??"]

1. d4 d5 2. Nf3 Nf6 3. c4 c6 4. Qc2 dxc4 5. Qxc4 Bf5 6. g3 e6 7. Bg2 Be7 8.
Nbd2 Nbd7 9. Qb3 Qb6 10. Nc4 Qxb3 11. axb3 Nd5 12. O-O Be4 13. Ncd2 Bc2 14. Nc4
Be4 15. Na5 Rb8 16. Ne1 Bxg2 17. Kxg2 Bd6 18. Nc4 Bc7 19. Rxa7 b5 20. e4 bxc4
21. exd5 Bb6 22. Ra4 cxd5 23. bxc4 Bxd4 24. cxd5 Bxb2 25. dxe6 fxe6 26. Bxb2
Rxb2 27. Nd3 Rb6 28. Ra8+ Rb8 29. Ra7 Rb6 30. Rc1 Kd8 31. Nc5 Nxc5 32. Ra8+ Ke7
33. Rxh8 Nd3 34. Rc7+ 1-0

[Event "LYM - Maîtres vs Espoirs"]
[Site "Lausanne - Hôtel Alpha Palmier"]
[Date "2003.09.19"]
[Round "4"]
[White "Olivier, Jean-Christophe"]
[Black "Raetsky, Alexander"]
[Result "1-0"]
[WhiteElo "2425"]
[BlackElo "2435"]
[PlyCount "59"]

1. e4 c5 2. Nf3 Nc6 3. d4 cxd4 4. Nxd4 Nf6 5. Nc3 d6 6. Bc4 Qb6 7. Nb3 e6 8.
Be3 Qc7 9. f4 a6 10. Bd3 b5 11. O-O Be7 12. Qf3 Bb7 13. Qg3 g6 14. Rae1 Nb4 15.
a3 Nxd3 16. cxd3 Rc8 17. Rc1 Qb8 18. Nd4 h5 19. h3 h4 20. Qf2 Nh5 21. f5 gxf5
22. Nxf5 exf5 23. Qxf5 Ng3 24. Qxf7+ Kd7 25. Rf6 Rxc3 26. Qe6+ Ke8 27. Rxc3
Ne2+ 28. Kh1 Nxc3 29. Rf7 Qc7 30. Bg5 1-0

[Event "LYM - Maîtres vs Espoirs"]
[Site "Lausanne - Hôtel Alpha Palmier"]
[Date "2003.09.19"]
[Round "4"]
[White "Gerber, Richard"]
[Black "Pahud, Cédric"]
[Result "1-0"]
[WhiteElo "2395"]
[BlackElo "2185"]
[PlyCount "81"]

1. Nf3 Nf6 2. c4 g6 3. Nc3 Bg7 4. d4 O-O 5. e4 d6 6. Be2 e5 7. d5 a5 8. h3 Na6
9. Bg5 h6 10. Be3 Nc5 11. Nd2 Bd7 12. g4 Ne8 13. Nf1 c6 14. Ng3 Rb8 15. Qd2 Kh7
16. h4 cxd5 17. exd5 Nc7 18. h5 g5 19. Nce4 Nxe4 20. Nxe4 Ne8 21. Rc1 b6 22.
Bd3 Kg8 23. Qe2 f5 24. gxf5 Bxf5 25. Rg1 Kh8 26. Rg3 Rb7 27. Rf3 Rbf7 28. Rxf5
Rxf5 29. Rc3 R5f7 30. Rb3 Rb7 31. Qg4 Nf6 32. Nxf6 Rxf6 33. Qe4 Kg8 34. Qh7+
Kf8 35. c5 Rb8 36. cxb6 Qd7 37. Rc3 Rc8 38. Bb5 Qd8 39. Qc2 Rb8 40. b7 Kg8 41.
Rc8 1-0

[Event "LYM - Maîtres vs Espoirs"]
[Site "Lausanne - Hôtel Alpha Palmier"]
[Date "2003.09.19"]
[Round "5"]
[White "Gheorghiu, Florin"]
[Black "Carron, Julien"]
[Result "1/2-1/2"]
[WhiteElo "2430"]
[BlackElo "2300"]
[PlyCount "29"]
[EventDate "2003.??.??"]

1. Nf3 Nf6 2. c4 e6 3. g3 d5 4. b3 Be7 5. Bg2 O-O 6. O-O Nbd7 7. Bb2 c6 8. d3
b5 9. Nbd2 Rb8 10. Qc2 Qb6 11. Rac1 Ba6 12. cxd5 cxd5 13. Bd4 Qb7 14. Qc7 Ba3
15. Qxb7 1/2-1/2

[Event "LYM - Maîtres vs Espoirs"]
[Site "Lausanne - Hôtel Alpha Palmier"]
[Date "2003.09.19"]
[Round "5"]
[White "Pinol, Fabrice"]
[Black "Olivier, Jean-Christophe"]
[Result "1-0"]
[WhiteElo "2210"]
[BlackElo "2425"]
[PlyCount "169"]
[EventDate "2003.??.??"]

1. e4 c5 2. Nf3 e6 3. d4 cxd4 4. Nxd4 Nc6 5. Nb5 d6 6. c4 Nf6 7. N1c3 a6 8. Na3
Be7 9. Be2 b6 10. O-O Bb7 11. Be3 Nb8 12. f3 Nbd7 13. Rc1 O-O 14. Qd2 Qc7 15.
Rfd1 Rac8 16. Bf1 Qb8 17. Kh1 Rfe8 18. Qf2 Ba8 19. Nc2 Kh8 20. a4 Rg8 21. Qd2
Ne5 22. b3 Rgd8 23. Qf2 Nfd7 24. Nd4 g5 25. Qa2 Qc7 26. Ra1 Rg8 27. a5 bxa5 28.
Qxa5 Qxa5 29. Rxa5 Bb7 30. Ra2 Rgd8 31. Na4 h6 32. Rc2 Rc7 33. Rdc1 Rb8 34. b4
Rbc8 35. b5 Nc5 36. Nxc5 Rxc5 37. Nb3 R5c7 38. Bb6 Rd7 39. c5 dxc5 40. bxa6 Ba8
41. Bb5 Rb8 42. Bxd7 Rxb6 43. Nxc5 Nxd7 44. Nxd7 Rxa6 45. Kg1 Kg7 46. Rc8 Bd6
47. Rd8 Bb7 48. Nc5 Bxc5+ 49. Rxc5 Ra1+ 50. Kf2 Ra2+ 51. Kg3 Ba6 52. Ra8 Bc4
53. Rxa2 Bxa2 54. Rc3 e5 55. Kf2 Be6 56. Ke3 Bd7 57. Rc5 Kf6 58. g3 h5 59. Kd3
Bh3 60. Ra5 Bg2 61. Ra6+ Kg7 62. Ke3 Bh3 63. Rb6 f6 64. Rd6 f5 65. exf5 Bxf5
66. Rb6 Kf7 67. Rb4 Kf6 68. h4 gxh4 69. Rxh4 Bg6 70. Rb4 Bc2 71. Rb5 Bf5 72. f4
exf4+ 73. Kxf4 Bg4 74. Rb6+ Kf7 75. Kg5 Be2 76. Rh6 h4 77. Rxh4 Bd3 78. Rb4 Kg7
79. Rb7+ Kg8 80. g4 Be2 81. Ra7 Bd1 82. Kf5 Be2 83. g5 Bc4 84. Kf6 Bb3 85. g6
1-0

[Event "LYM - Maîtres vs Espoirs"]
[Site "Lausanne - Hôtel Alpha Palmier"]
[Date "2003.09.19"]
[Round "5"]
[White "Landenbergue, Claude"]
[Black "Gerber, Richard"]
[Result "1/2-1/2"]
[WhiteElo "2445"]
[BlackElo "2395"]
[PlyCount "66"]
[EventDate "2003.??.??"]

1. e4 d6 2. d4 Nf6 3. Nc3 Nbd7 4. Nf3 e5 5. Bc4 Be7 6. O-O O-O 7. Re1 c6 8. a4
Qc7 9. h3 h6 10. Ba2 b6 11. Be3 Bb7 12. Nh4 Rfe8 13. Nf5 Bf8 14. Qf3 d5 15.
dxe5 Qxe5 16. Bd4 Qe6 17. Re3 g6 18. Ng3 Qd6 19. Rd1 Bg7 20. Red3 Ne5 21. Bxe5
Qxe5 22. exd5 cxd5 23. Re3 Qc7 24. Nxd5 Bxd5 25. Bxd5 Rxe3 26. fxe3 Nxd5 27.
Rxd5 Qxc2 28. Rd7 Rf8 29. Rxa7 Qxb2 30. Nf1 h5 31. Rb7 Qa1 32. Rxb6 Qxa4 33.
Qd5 Qa8 1/2-1/2

[Event "LYM - Maîtres vs Espoirs"]
[Site "Lausanne - Hôtel Alpha Palmier"]
[Date "2003.09.19"]
[Round "5"]
[White "Raetsky, Alexander"]
[Black "Shytaj, Luca"]
[Result "1/2-1/2"]
[WhiteElo "2435"]
[BlackElo "2335"]
[PlyCount "95"]
[EventDate "2003.??.??"]

1. d4 Nf6 2. c4 c5 3. Nf3 cxd4 4. Nxd4 b6 5. Nc3 Bb7 6. Bg5 a6 7. Bxf6 gxf6 8.
e4 e6 9. a3 Nc6 10. Be2 Rg8 11. Nxc6 Bxc6 12. g3 f5 13. Bf3 f4 14. Qd2 fxg3 15.
hxg3 h6 16. Rh5 Rg5 17. Ke2 Rxh5 18. Bxh5 Qg5 19. Bf3 Qxd2+ 20. Kxd2 Bg7 21.
Rh1 Rc8 22. Be2 Ke7 23. Rh4 Rg8 24. Kd3 Rb8 25. f4 d6 26. Rh5 Be8 27. Rh2 b5
28. Kc2 bxc4 29. Bxc4 a5 30. b3 f5 31. e5 dxe5 32. fxe5 Bxe5 33. Rxh6 Bf7 34.
Ne2 Rg8 35. Rh4 Rg4 36. Rh3 Bg6 37. Kd2 a4 38. Ke3 Re4+ 39. Kf3 axb3 40. Bxb3
Be8 41. Rh4 Bc6 42. Rxe4 Bxe4+ 43. Ke3 Bd6 44. g4 Bxa3 45. Ng3 Bb1 46. gxf5
exf5 47. Nxf5+ Bxf5 48. Bd5 1/2-1/2

[Event "LYM - Maîtres vs Espoirs"]
[Site "Lausanne - Hôtel Alpha Palmier"]
[Date "2003.09.19"]
[Round "5"]
[White "Pahud, Cédrid"]
[Black "Hindermann, Felix"]
[Result "0-1"]
[WhiteElo "2185"]
[BlackElo "2185"]
[PlyCount "122"]
[EventDate "2003.??.??"]

1. e4 e6 2. d4 d5 3. Nc3 Bb4 4. exd5 exd5 5. Bd3 c6 6. Nge2 Ne7 7. Ng3 Ng6 8.
O-O O-O 9. Nce2 Qh4 10. c3 Bd6 11. Qc2 Re8 12. Bd2 Nd7 13. Rae1 Nf6 14. Qc1 Ne4
15. Bxe4 dxe4 16. Bg5 Qg4 17. h3 Qe6 18. Nf4 Bxf4 19. Bxf4 Qxa2 20. Nxe4 Be6
21. Bg3 Re7 22. Re3 Bd5 23. Rfe1 Bxe4 24. Rxe4 Rxe4 25. Rxe4 f5 26. Re1 Qf7 27.
Be5 Re8 28. f4 Qd5 29. c4 Qd8 30. Qc3 Qh4 31. Rf1 Qe7 32. Qd3 Qd7 33. Qe3 Qe7
34. Re1 Qb4 35. Qc3 Qxc3 36. bxc3 Nxf4 37. Ra1 Nd3 38. Bg3 f4 39. Bh4 h6 40. d5
g5 41. Bf2 Nxf2 42. Kxf2 Ra8 43. d6 c5 44. d7 Rd8 45. Rxa7 Rxd7 46. Ra8+ Kg7
47. Rc8 b6 48. Ke2 Rd6 49. Re8 Kf6 50. Rf8+ Kg6 51. Re8 Kh5 52. Re5 Kh4 53. Rd5
Re6+ 54. Kf2 h5 55. Rd8 Re3 56. Rd6 Rxc3 57. Rxb6 Rc2+ 58. Kf3 Rxc4 59. Rc6 g4+
60. hxg4 hxg4+ 61. Kf2 Rc2+ 0-1

[Event "LYM - Maîtres vs Espoirs"]
[Site "Lausanne - Hôtel Alpha Palmier"]
[Date "2003.09.20"]
[Round "6"]
[White "Hindermann, Felix"]
[Black "Carron, Julien"]
[Result "1-0"]
[WhiteElo "2185"]
[BlackElo "2300"]
[PlyCount "65"]
[EventDate "2003.??.??"]

1. b3 e5 2. Bb2 Nc6 3. e3 d6 4. Nf3 Be7 5. d4 exd4 6. Nxd4 Bf6 7. Be2 Nge7 8.
Bf3 Ne5 9. Nc3 Nf5 10. Nxf5 Bxf5 11. Bxb7 Rb8 12. Be4 Bg4 13. Qc1 c6 14. f4 d5
15. fxe5 Bh4+ 16. g3 dxe4 17. Nxe4 O-O 18. O-O Be7 19. Rf4 Bh5 20. Qe1 Bg6 21.
Qc3 Qd5 22. Qd4 Qe6 23. c4 Rbd8 24. Nd6 c5 25. Qxc5 f6 26. Rd1 Bf7 27. Qd4 fxe5
28. Qxe5 Qxe5 29. Bxe5 Bg5 30. Rf3 Rfe8 31. Rdf1 Rxd6 32. Bxd6 Bxe3+ 33. Kg2
1-0

[Event "LYM - Maîtres vs Espoirs"]
[Site "Lausanne - Hôtel Alpha Palmier"]
[Date "2003.09.20"]
[Round "6"]
[White "Gerber, Richard"]
[Black "Raetsky, Alexander"]
[Result "0-1"]
[WhiteElo "2395"]
[BlackElo "2435"]
[PlyCount "56"]
[EventDate "2003.??.??"]

1. Nf3 d5 2. c4 d4 3. b4 f6 4. e3 e5 5. exd4 e4 6. Qe2 Qe7 7. Ng1 Nc6 8. Qe3
Nxb4 9. Na3 Nh6 10. Bb2 Nf5 11. Qb3 c5 12. dxc5 Qxc5 13. Rc1 Be6 14. Nh3 Bd6
15. Nb5 O-O 16. Be2 Rad8 17. Nxd6 Qxd6 18. O-O Qxd2 19. Rfe1 Nd3 20. Bxd3 Rxd3
21. Bc3 Qh6 22. Qxb7 Nd6 23. Qc7 Rc8 24. Qe7 Re8 25. Qc7 Bxh3 26. gxh3 Qxh3 27.
Qc6 Rc8 28. Qa6 Rc5 0-1